| 000 | 00830nam a2200217Ia 4500 | ||
|---|---|---|---|
| 001 | 4653 | ||
| 005 | 20260323120911.0 | ||
| 008 | 260306t2009||||xx |||||||||||||| ||spa|| | ||
| 041 | _aESP | ||
| 082 |
_a330 _bB85 |
||
| 100 |
_aBrue, Stanley L. _eAUT |
||
| 245 | 0 | _aHistoria del pensamiento económico | |
| 260 | _c2009 | ||
| 300 |
_a000 páginas : _c00 cm. |
||
| 650 | _aGEN | ||
| 654 | _aCAN | ||
| 856 |
_uhttps://itmsp.museknowledge.com/UCSP?url=https://www.ebooks7-24.com:443/?il=2155&pg=1 _zVersión digital (2016) |
||
| 856 |
_uhttps://0u213tp67-y-https-ebooks7--24-com.itmsp.museknowledge.com/biblioteca.aspx _zVéase además: Base de datos Ebook7-24 |
||
| 856 |
_uhttps://0u20ftp5x-y-https-research-ebsco-com.itmsp.museknowledge.com/c/qxo6us/search _zVéase además: Base de datos EBSCOhost |
||
| 942 |
_cLIB _dJUS _fJUS _2ddc |
||
| 999 |
_c4653 _d4653 |
||